[Event "PRO League Group Stage"]
[Site "chess.com INT"]
[Date "2020.02.17"]
[Round "7"]
[White "Steinberg, Nitzan"]
[Black "Demidov, Mikhail"]
[Result "1/2-1/2"]
[WhiteTitle "GM"]
[BlackTitle "IM"]
[WhiteElo "2542"]
[BlackElo "2552"]
[WhiteTeam "Israel Counsellors"]
[BlackTeam "Russia Wizards"]
[WhiteFideId "2801795"]
[BlackFideId "4197143"]
[EventDate "2020.01.06"]

1. e4 Nf6 2. e5 Nd5 3. d4 d6 4. c4 Nb6 5. exd6 exd6 6. Nc3 Be7 7. Bd3 O-O 8.
Nge2 Bg5 9. O-O Bxc1 10. Rxc1 Nc6 11. b3 Re8 12. Qd2 Bg4 13. f3 Bh5 14. Nf4 Bg6
15. Nxg6 hxg6 16. Be4 Rb8 17. Rcd1 Ne7 18. c5 Nd7 19. b4 Nf6 20. Rfe1 b6 21. Bc2
dxc5 22. dxc5 Qxd2 23. Rxd2 bxc5 24. bxc5 Kf8 25. Bb3 a5 26. Kf2 Red8 27. Rxd8+
Rxd8 28. Nb5 Ned5 29. Rd1 Rb8 30. Na3 Nc3 31. Rc1 Ncd5 32. h4 Nb4 33. Ke3 Nfd5+
34. Kd4 Nf4 35. Rd1 Nxa2 36. Rb1 Nb4 37. Kc3 Nxg2 38. Nc4 a4 39. Bc2 Nd5+ 40.
Kd4 Rxb1 41. Bxb1 Ngf4 42. Ne5 f6 43. Nxg6+ Nxg6 44. Kxd5 Ne7+ 45. Ke6 a3 46.
Kd7 Nd5 47. Ba2 Nb4 48. Bb3 c6 49. h5 f5 50. f4 a2 51. Bxa2 Nxa2 52. Kxc6 Nb4+
53. Kd6 g6 54. hxg6 Kg7 55. c6 Na6 56. c7 Nxc7 57. Kxc7 Kxg6 58. Kd6 Kf6 59. Kd5
Kg6 60. Ke5 Kg7 61. Ke6 Kg6 62. Ke5 Kg7 63. Kxf5 Kf7 64. Ke5 Ke7 65. f5 Kf7 66.
f6 Kf8 67. Kf5 Kf7 68. Kg5 Kf8 69. Kg6 Kg8 70. f7+ Kf8 71. Kf6 1/2-1/2

[Event "PRO League Group Stage"]
[Site "chess.com INT"]
[Date "2020.02.17"]
[Round "7"]
[White "Kobo, Ori"]
[Black "Anisimov, Pavel2"]
[Result "1/2-1/2"]
[WhiteTitle "GM"]
[BlackTitle "GM"]
[WhiteElo "2445"]
[BlackElo "2527"]
[WhiteTeam "Israel Counsellors"]
[BlackTeam "Russia Wizards"]
[WhiteFideId "2812320"]
[BlackFideId "4135229"]
[EventDate "2020.01.06"]

1. Nf3 Nf6 2. c4 e6 3. g3 a6 4. Bg2 b5 5. b3 c5 6. O-O Bb7 7. Nc3 Qb6 8. e3 Be7
9. d4 d6 10. Qe2 Ne4 11. Bb2 O-O 12. dxc5 dxc5 13. Rfd1 Nxc3 14. Bxc3 Nc6 15.
Rd7 Rfd8 16. Rxb7 Qxb7 17. Ne5 Rac8 18. Bxc6 Rxc6 19. Qf3 Bf6 20. Qxc6 Qxc6 21.
Nxc6 Bxc3 22. Nxd8 Bxa1 23. Nb7 bxc4 24. bxc4 Kf8 25. Nxc5 a5 26. Kf1 Ke7 27.
Ke2 Bc3 28. f3 f5 29. Nd3 Kd6 30. Kd1 g5 31. Kc2 Bf6 32. g4 Kc6 33. Kb3 h6 34.
e4 fxe4 35. fxe4 Bd4 36. Ka4 Bc3 37. h3 Bd2 38. Kb3 Be3 39. Kc3 Kd6 40. Kc2 Bd4
41. Kb3 Kc6 42. Ka4 Bb6 43. c5 Bc7 44. Kb3 Kb5 45. a4+ Kc6 46. Kc4 Bh2 47. Nc1
Bc7 48. Nb3 e5 49. Nc1 Bd8 50. Nd3 Bf6 51. Ne1 Be7 52. Nf3 Bf6 53. Nd2 Be7 54.
Nb3 Bd8 55. Kc3 Bc7 56. Kd3 Bd8 57. Kc4 Bc7 58. Nd2 Bd8 59. Nb3 Bc7 1/2-1/2

[Event "PRO League Group Stage"]
[Site "chess.com INT"]
[Date "2020.02.17"]
[Round "7"]
[White "Gledura, Benjamin"]
[Black "Yilmaz, Mustafa"]
[Result "0-1"]
[WhiteTitle "GM"]
[BlackTitle "GM"]
[WhiteElo "2626"]
[BlackElo "2607"]
[WhiteTeam "Hungary Hunters"]
[BlackTeam "Turkey Knights"]
[WhiteFideId "712779"]
[BlackFideId "6302718"]
[EventDate "2020.01.06"]

1. Nf3 e6 2. e4 c5 3. d4 cxd4 4. Nxd4 Nc6 5. Nc3 Qc7 6. Be3 a6 7. Qd2 Nf6 8. f4
Bb4 9. Bd3 Na5 10. a3 Bxc3 11. Qxc3 Qxc3+ 12. bxc3 d5 13. exd5 exd5 14. Nb3 Nc4
15. Bd4 Ne4 16. a4 f6 17. Bxc4 dxc4 18. Na5 b5 19. O-O Kf7 20. f5 Bd7 21. g4 h5
22. h3 hxg4 23. hxg4 Rh4 24. Rf4 Rah8 25. Kf1 Rh1+ 26. Bg1 Nxc3 27. Re1 Re8 28.
Rxe8 Bxe8 29. Rf3 Nxa4 30. Kg2 Rh8 31. Bd4 Bd7 32. Re3 Rd8 33. Re4 Rc8 34. Kf3
Nc5 35. Re3 Bc6+ 36. Kf4 Nd7 37. g5 fxg5+ 38. Kxg5 Bd5 39. c3 Rh8 40. Rg3 Rh1
41. Kf4 Nf6 42. Ke5 Re1+ 43. Be3 b4 44. cxb4 c3 0-1

[Event "PRO League Group Stage"]
[Site "chess.com INT"]
[Date "2020.02.17"]
[Round "7"]
[White "Dastan, Muhammed Batuhan"]
[Black "Erdos, Viktor"]
[Result "1/2-1/2"]
[WhiteTitle "GM"]
[BlackTitle "GM"]
[WhiteElo "2572"]
[BlackElo "2621"]
[WhiteTeam "Turkey Knights"]
[BlackTeam "Hungary Hunters"]
[WhiteFideId "6300014"]
[BlackFideId "719978"]
[EventDate "2020.01.06"]

1. e4 e5 2. Nf3 Nc6 3. Bc4 Bc5 4. c3 d6 5. h3 Nf6 6. d3 a5 7. Bb3 h6 8. Nbd2 Be6
9. Bc2 d5 10. Ba4 Nd7 11. Nf1 Nb6 12. Nxe5 Nxa4 13. Qxa4 O-O 14. Nxc6 bxc6 15.
Be3 Bd6 16. Nd2 f5 17. Qxc6 Rb8 18. O-O-O dxe4 19. dxe4 Bxa2 20. e5 Bxe5 21. Nc4
Qf6 22. Qd5+ Kh7 23. Qxe5 Bxc4 24. Qxf6 Rxf6 25. Rd7 f4 26. Bd4 Rf7 27. Rxf7
Bxf7 28. Be5 Re8 29. Bxf4 Re2 30. Bxc7 Bg6 31. Bxa5 Rxf2 32. Bb4 Rc2+ 33. Kb1
Rxc3+ 34. Ka2 Rc2 35. Rg1 Bf7+ 36. Ka3 g5 37. Bc3 Bd5 38. g3 Bg2 39. h4 Kg6 40.
hxg5 hxg5 41. Kb4 Kf5 42. Re1 Kg4 43. Kb3 Rf2 44. Be5 Bd5+ 45. Kc3 Kf5 46. Re3
Rf3 47. Rxf3+ Bxf3 48. Kd4 Ke6 49. Bg7 g4 50. Bh6 Kd7 51. Bf4 Kc8 52. b4 Kb7 1/2-1/2

[Event "PRO League Group Stage"]
[Site "chess.com INT"]
[Date "2020.02.17"]
[Round "7"]
[White "Gokerkan, Cem Kaan"]
[Black "Markus, Robert"]
[Result "1/2-1/2"]
[WhiteTitle "IM"]
[BlackTitle "GM"]
[WhiteElo "2458"]
[BlackElo "2599"]
[WhiteTeam "Turkey Knights"]
[BlackTeam "Hungary Hunters"]
[WhiteFideId "6336760"]
[BlackFideId "921637"]
[EventDate "2020.01.06"]

1. e4 d6 2. d4 Nf6 3. Nc3 e5 4. Nf3 Nbd7 5. Bc4 Be7 6. O-O O-O 7. a4 c6 8. a5 h6
9. Re1 Re8 10. dxe5 dxe5 11. Nh4 Nf8 12. Qf3 Be6 13. Rd1 Qc7 14. Bxe6 Nxe6 15.
Nf5 Kh7 16. Be3 b5 17. axb6 axb6 18. Rxa8 Rxa8 19. Nxe7 Qxe7 20. Qf5+ Kg8 21.
Qxe5 Qb4 22. Bc1 Qc4 23. h3 b5 24. b3 Qb4 25. Be3 Qa3 26. Bxh6 Qb2 27. Rd3 Qxc2
28. Rg3 Ne8 29. b4 Ra1+ 30. Kh2 Qxf2 31. Ne2 Qxe2 32. Qxa1 Qxe4 33. Qa8 Kf8 34.
Be3 f6 35. Qc8 Qd5 36. Bf2 Kf7 37. Re3 g5 38. Bg3 N8g7 39. Qb7+ Kg6 40. Rc3 Nd4
41. Qc8 Kh7 42. Qc7 Kg6 43. Qc8 Kh7 44. Qg4 Nge6 45. Qh5+ Kg7 46. Ra3 Nd8 47.
Ra7+ Nf7 48. Bf2 Nf5 49. Qf3 Qd6+ 50. Kh1 Nh6 51. Bc5 Qe6 52. Rc7 Qe1+ 53. Kh2
Qe5+ 54. Qg3 Qe6 55. Qf3 Qe5+ 56. Qg3 Qe6 57. Bd4 Nf5 58. Qxg5+ Kf8 59. Qxf6
Nxd4 60. Qxd4 Ke8 61. Ra7 Nd6 62. Ra8+ Kf7 63. Qf4+ Kg6 64. Rd8 Nf7 65. Rg8+ Kh7
66. Rg4 Ne5 67. Rg5 Ng6 68. Qg3 Kh6 69. Rxg6+ Qxg6 70. Qxg6+ Kxg6 71. g4 Kf7 72.
g5 c5 73. bxc5 b4 74. c6 b3 75. c7 b2 76. c8=Q b1=Q 77. Qg4 Kg6 78. Kg3 Qg1+ 79.
Kf4 Qd4+ 80. Kg3 Qg1+ 81. Kf3 Qd1+ 82. Kg3 Qg1+ 1/2-1/2

[Event "PRO League Group Stage"]
[Site "chess.com INT"]
[Date "2020.02.17"]
[Round "7"]
[White "Ding, Liren"]
[Black "Le, Tuan Minh"]
[Result "1/2-1/2"]
[WhiteTitle "GM"]
[BlackTitle "IM"]
[WhiteElo "2805"]
[BlackElo "2501"]
[WhiteTeam "China Pandas"]
[BlackTeam "Croatia Bulldogs"]
[WhiteFideId "8603677"]
[BlackFideId "12401153"]
[EventDate "2020.01.06"]

1. e4 c5 2. Nf3 Nf6 3. e5 Nd5 4. Nc3 e6 5. Nxd5 exd5 6. d4 Nc6 7. dxc5 Bxc5 8.
Qxd5 d6 9. exd6 Qb6 10. Qe4+ Be6 11. Qh4 Bxd6 12. c3 Be7 13. Qf4 Bc5 14. Ng5 h6
15. Ne4 O-O-O 16. Nxc5 Qxc5 17. Be2 g5 18. Qe3 Qf5 19. O-O Rhe8 20. Qg3 Qc2 21.
Bf3 f5 22. Bxc6 bxc6 23. Be3 f4 24. Qf3 Bd5 25. Qh3+ Be6 26. Qf3 Bd5 1/2-1/2

[Event "PRO League Group Stage"]
[Site "chess.com INT"]
[Date "2020.02.17"]
[Round "7"]
[White "Plenca, Jadranko"]
[Black "Bai, Jinshi"]
[Result "0-1"]
[WhiteTitle "IM"]
[BlackTitle "GM"]
[WhiteElo "2463"]
[BlackElo "2618"]
[WhiteTeam "Croatia Bulldogs"]
[BlackTeam "China Pandas"]
[WhiteFideId "14527146"]
[BlackFideId "8602280"]
[EventDate "2020.01.06"]

1. e4 e5 2. Nf3 Nf6 3. Nxe5 d6 4. Nc4 Nxe4 5. Qe2 Qe7 6. Ne3 Nc6 7. b3 Be6 8.
Bb2 O-O-O 9. g3 h5 10. Bg2 d5 11. Nc3 Nf6 12. d4 Nxd4 13. Qd3 Nc6 14. O-O-O Nb4
15. Qd4 c5 16. Qf4 g5 17. Qe5 d4 18. Nb5 Nc6 19. Bxc6 bxc6 20. Nf5 Bxf5 21.
Qxf5+ Qe6 22. Qxe6+ fxe6 23. Na3 g4 24. Rhe1 Re8 25. Nc4 Nd5 26. a3 Kc7 27. Re2
Bh6+ 28. Kb1 Rhf8 29. b4 cxb4 30. axb4 Bg7 31. Ne5 Bxe5 32. Rxe5 Rxf2 33. Bxd4
Rxh2 34. Rf1 Re7 35. Bc5 Rd7 36. Rxe6 Nc3+ 37. Kb2 Na4+ 38. Kb1 Nc3+ 39. Kc1
Ne2+ 40. Kb1 Nd4 41. Re4 Nxc2 42. Bxa7 Na3+ 43. Ka1 Nc2+ 44. Kb1 Kb7 45. Bf2
Na3+ 46. Kb2 Nb5 47. Re2 Rf7 48. Kc1 Nc3 49. Rb2 Ne4 0-1

[Event "PRO League Group Stage"]
[Site "chess.com INT"]
[Date "2020.02.17"]
[Round "7"]
[White "Tica, Sven"]
[Black "Wen, Yang"]
[Result "1/2-1/2"]
[WhiteTitle "IM"]
[BlackTitle "GM"]
[WhiteElo "2398"]
[BlackElo "2594"]
[WhiteTeam "Croatia Bulldogs"]
[BlackTeam "China Pandas"]
[WhiteFideId "14526948"]
[BlackFideId "8602956"]
[EventDate "2020.01.06"]

1. d4 d5 2. c4 c6 3. Nf3 Nf6 4. Qc2 g6 5. e3 Bg7 6. Bd3 O-O 7. Nbd2 b6 8. O-O
Bb7 9. b3 Nbd7 10. Bb2 c5 11. Rfd1 Rc8 12. Rac1 dxc4 13. bxc4 cxd4 14. exd4 Qc7
15. Qa4 Rfd8 16. Be2 e6 17. Nf1 Ne4 18. Ne3 Ndf6 19. Ne5 Nd7 20. Nf3 Ndf6 21.
Ne5 Bh6 22. Qb3 Bf4 23. Nf3 Bxe3 24. fxe3 Ng4 25. d5 Ng5 26. Qc3 f6 27. h3 Nxf3+
28. Bxf3 Qh2+ 29. Kf1 Ne5 30. Qd4 Nxf3 31. Qxf6 e5 32. Qe6+ Kg7 33. gxf3 Qxb2
34. Qe7+ Kg8 35. Qe6+ Kh8 36. Qf6+ Kg8 37. Qe6+ Kf8 38. Qf6+ Kg8 39. Qe6+ 1/2-1/2

[Event "PRO League Group Stage"]
[Site "chess.com INT"]
[Date "2020.02.17"]
[Round "7"]
[White "Banusz, Tamas"]
[Black "Can, Emre"]
[Result "1-0"]
[WhiteTitle "GM"]
[BlackTitle "GM"]
[WhiteElo "2620"]
[BlackElo "2600"]
[WhiteTeam "Hungary Hunters"]
[BlackTeam "Turkey Knights"]
[WhiteFideId "722413"]
[BlackFideId "6302181"]
[EventDate "2020.01.06"]

1. d4 d5 2. Nf3 Nf6 3. g3 g6 4. Bg2 Bg7 5. c4 c6 6. Qb3 O-O 7. O-O dxc4 8. Qxc4
Bf5 9. Nc3 Nbd7 10. e3 Ne4 11. Rd1 Nxc3 12. bxc3 Qc7 13. a4 e5 14. a5 e4 15. Nd2
Nf6 16. h3 h5 17. Bb2 Rfe8 18. Qf1 Nh7 19. c4 Ng5 20. Bc3 Rad8 21. Rab1 c5 22.
Nb3 b6 23. Rbc1 Nf3+ 24. Bxf3 exf3 25. dxc5 bxc5 26. Bxg7 Kxg7 27. Rd5 Rb8 28.
Nxc5 Rb2 29. Nd3 Ra2 30. Nf4 h4 31. g4 Be4 32. Rd4 g5 33. Nh5+ Kg6 34. c5 Re2
35. Qd1 Re6 36. Rxe4 Rxe4 37. Qd3 Qc6 38. Qc3 f6 39. Rd1 Qe6 40. Rd6 Rxg4+ 41.
Kf1 Rb4 42. Qd3+ Qe4 43. Qxe4+ Rxe4 44. Nxf6 Ra4 45. Ng4+ Kg7 46. Rd1 Rd2 47.
Rb1 Rb4 48. Ra1 Rc2 49. Ne5 Rbb2 50. Ng4 Rxc5 51. a6 Rc6 52. Kg1 Rcc2 53. Rd1
Ra2 54. Rd7+ Kg6 55. Rxa7 Kf5 56. Rf7+ Ke6 57. Rxf3 Ke7 58. Rf6 Rc1+ 59. Kg2
Rca1 60. Rg6 Ra5 61. a7 Kf7 62. a8=Q Rxa8 63. Rxg5 Rg8 64. Rh5 Kg6 65. Rxh4 Ra7
66. Rh6+ Kg5 67. Rb6 Rf8 68. Kg3 Ra1 69. f4+ Kf5 70. Rb5+ Ke4 71. Re5+ Kd3 72.
f5 Rg1+ 73. Kf2 Rh1 74. Kg2 Rb1 75. f6 Ke2 76. Re7 Rb2 77. e4 Rb3 78. e5 Ke1 79.
Ra7 Rc8 80. Ra1+ Ke2 81. Rf1 Rcc3 82. Rf2+ Ke1 83. Rf1+ Ke2 84. Rf2+ Ke1 85. Kg1
Rg3+ 86. Rg2 Rgf3 87. e6 Rxh3 88. e7 Rb8 89. f7 Rhh8 90. Rg3 Kd2 91. Re3 Rb4 92.
e8=Q Rxg4+ 93. Kf2 Rf4+ 94. Rf3 1-0

[Event "PRO League Group Stage"]
[Site "chess.com INT"]
[Date "2020.02.17"]
[Round "7"]
[White "Libiszewski, Fabien"]
[Black "Brunello, Sabino"]
[Result "1-0"]
[WhiteTitle "GM"]
[BlackTitle "GM"]
[WhiteElo "2522"]
[BlackElo "2536"]
[WhiteTeam "France Roosters"]
[BlackTeam "Italy Gladiators"]
[WhiteFideId "616834"]
[BlackFideId "813613"]
[EventDate "2020.01.06"]

1. e4 c6 2. Nf3 d5 3. d3 dxe4 4. dxe4 Qxd1+ 5. Kxd1 Bg4 6. Be2 Nd7 7. Ne1 Bxe2+
8. Kxe2 e6 9. Be3 f5 10. Nd2 Ngf6 11. exf5 exf5 12. Nd3 O-O-O 13. Rhe1 Bd6 14.
Nc4 Bc7 15. Bf4 Rhe8+ 16. Kf1 Nb6 17. Rxe8 Rxe8 18. Nd6+ Bxd6 19. Bxd6 Nc4 20.
Bb4 Nd5 21. Be1 b5 22. a4 a6 23. axb5 axb5 24. Ra8+ Kd7 25. Ra7+ Nc7 26. b3 Nb6
27. Ba5 Rb8 28. Nc5+ Kd6 29. Nb7+ 1-0

[Event "PRO League Group Stage"]
[Site "chess.com INT"]
[Date "2020.02.17"]
[Round "7"]
[White "Gozzoli, Yannick"]
[Black "Valsecchi, Alessio"]
[Result "1/2-1/2"]
[WhiteTitle "GM"]
[BlackTitle "GM"]
[WhiteElo "2604"]
[BlackElo "2512"]
[WhiteTeam "France Roosters"]
[BlackTeam "Italy Gladiators"]
[WhiteFideId "616915"]
[BlackFideId "818860"]
[EventDate "2020.01.06"]

1. d4 Nf6 2. c4 g6 3. Nc3 Bg7 4. e4 d6 5. Nf3 O-O 6. Be2 e5 7. O-O Nc6 8. d5 Ne7
9. b4 a5 10. bxa5 Rxa5 11. a4 c5 12. Nd2 Ne8 13. Nb5 Ra6 14. Bb2 f5 15. Ra3 Nf6
16. f4 exf4 17. Rxf4 Nfxd5 18. Bxg7 Nxf4 19. Bxf8 Qxf8 20. Bf3 Bd7 21. exf5 Nxf5
22. Bxb7 Bxb5 23. cxb5 Ra7 24. Bf3 d5 25. b6 Re7 26. a5 Qf6 27. Nf1 Nd4 28. Re3
Qg5 29. Kh1 Rf7 30. Qe1 Nxf3 31. Qg3 Qf6 32. Rxf3 Qa1 33. h3 Qxa5 34. b7 Qb5 35.
Rxf4 Qxb7 36. Rxf7 Qxf7 37. Qb8+ Qf8 38. Qxf8+ Kxf8 39. Kg1 Ke7 40. Kf2 d4 41.
Kf3 Kd6 42. Ke4 Kc6 43. Kd3 Kd5 44. Nd2 h6 45. Nc4 h5 46. g3 g5 47. g4 h4 48.
Nb6+ Ke5 49. Nd7+ Kf4 50. Nxc5 Kg3 51. Kxd4 Kxh3 52. Ne4 Kxg4 53. Ke3 h3 54. Kf2
Kf4 55. Nxg5 Kxg5 56. Kg3 Kf5 57. Kxh3 1/2-1/2

[Event "PRO League Group Stage"]
[Site "chess.com INT"]
[Date "2020.02.17"]
[Round "7"]
[White "Dvirnyy, Danyyil"]
[Black "Bacrot, Etienne"]
[Result "0-1"]
[WhiteTitle "GM"]
[BlackTitle "GM"]
[WhiteElo "2485"]
[BlackElo "2679"]
[WhiteTeam "Italy Gladiators"]
[BlackTeam "France Roosters"]
[WhiteFideId "817570"]
[BlackFideId "605506"]
[EventDate "2020.01.06"]

1. e4 c5 2. Nf3 d6 3. d4 cxd4 4. Nxd4 Nf6 5. Nc3 a6 6. Bc4 e6 7. Bb3 Be7 8. O-O
Nc6 9. Be3 O-O 10. Qe2 Qc7 11. Rad1 b5 12. a3 Bb7 13. Nxc6 Bxc6 14. f3 Rfb8 15.
Qf2 a5 16. Ne2 a4 17. Ba2 b4 18. axb4 Rxb4 19. Bc1 Rab8 20. Nd4 Rxb2 21. Bxb2
Rxb2 22. Bc4 Bd7 23. Qe2 e5 24. Nf5 Bxf5 25. exf5 d5 26. Bd3 a3 27. Ra1 a2 28.
Kh1 h5 29. Rfe1 Bb4 30. Red1 Bc3 31. g4 hxg4 32. fxg4 e4 33. Bb5 Qf4 34. Bc6
Qxg4 35. Qf2 Qf3+ 36. Qxf3 exf3 37. Ba4 Ne4 38. Kg1 Nd2 39. Kf2 Rb1 0-1

[Event "PRO League Group Stage"]
[Site "chess.com INT"]
[Date "2020.02.17"]
[Round "7"]
[White "Gilevych, Artem"]
[Black "Vachier-Lagrave, Maxime"]
[Result "0-1"]
[WhiteTitle "IM"]
[BlackTitle "GM"]
[WhiteElo "2415"]
[BlackElo "2770"]
[WhiteTeam "Italy Gladiators"]
[BlackTeam "France Roosters"]
[WhiteFideId "14121379"]
[BlackFideId "623539"]
[EventDate "2020.01.06"]

1. Nf3 f5 2. d4 Nf6 3. Bf4 g6 4. e3 Bg7 5. Bc4 e6 6. Nbd2 O-O 7. h3 b6 8. Qe2
Bb7 9. c3 Nc6 10. g4 Ne7 11. O-O-O Ned5 12. gxf5 Nxf4 13. exf4 gxf5 14. Rhg1 Kh8
15. Ng5 Qe8 16. Ndf3 h6 17. Ne5 hxg5 18. fxg5 Nd5 19. Bxd5 Bxd5 20. h4 d6 21.
Nd3 e5 22. dxe5 Bc4 23. g6 Bh6+ 24. Kb1 Kg7 25. Rge1 Rd8 26. e6 Rf6 27. e7 Rd7
28. h5 Re6 29. Qf3 Rdxe7 30. Rxe6 Rxe6 31. Qxf5 Bxa2+ 32. Ka1 Bb3 0-1

[Event "PRO League Group Stage"]
[Site "chess.com INT"]
[Date "2020.02.17"]
[Round "7"]
[White "Mons, Leon"]
[Black "Klekowski, Maciej"]
[Result "1-0"]
[WhiteTitle "GM"]
[BlackTitle "IM"]
[WhiteElo "2554"]
[BlackElo "2515"]
[WhiteTeam "Germany Bears"]
[BlackTeam "Poland Hussars"]
[WhiteFideId "4614950"]
[BlackFideId "1132717"]
[EventDate "2020.01.06"]

1. c4 f5 2. g3 Nf6 3. Bg2 g6 4. Nc3 Bg7 5. d3 d6 6. e4 Nc6 7. Nge2 O-O 8. O-O e5
9. Nd5 h6 10. Rb1 a5 11. b3 Nd7 12. Be3 Nc5 13. Qd2 g5 14. exf5 Bxf5 15. Bxc5
dxc5 16. Rfe1 Qd7 17. Rbd1 Rad8 18. Ndc3 Kh8 19. Ne4 b6 20. Qe3 Rf7 21. a3 Rdf8
22. Rf1 Bg4 23. f3 Bh5 24. Kh1 Nd4 25. Nxd4 cxd4 26. Qe2 g4 27. Nd2 gxf3 28.
Bxf3 Bxf3+ 29. Rxf3 Rxf3 30. Nxf3 Qc6 31. Rf1 b5 32. Kg1 bxc4 33. bxc4 a4 34.
Nh4 Rxf1+ 35. Qxf1 Bf6 36. Nf5 Kh7 37. Qe2 Qe8 38. Nxd4 Qe7 39. Nb5 Qc5+ 40. Qf2 1-0

[Event "PRO League Group Stage"]
[Site "chess.com INT"]
[Date "2020.02.17"]
[Round "7"]
[White "Kollars, Dmitrij"]
[Black "Kashlinskaya, Alina"]
[Result "1-0"]
[WhiteTitle "GM"]
[BlackTitle "IM"]
[WhiteElo "2592"]
[BlackElo "2484"]
[WhiteTeam "Germany Bears"]
[BlackTeam "Poland Hussars"]
[WhiteFideId "12909572"]
[BlackFideId "4198026"]
[EventDate "2020.01.06"]

1. c4 e6 2. Nf3 Nf6 3. g3 d5 4. Bg2 dxc4 5. Qa4+ Bd7 6. Qxc4 c5 7. Ne5 Qc8 8.
Nxd7 Qxd7 9. O-O Nc6 10. Nc3 Be7 11. Qa4 Rc8 12. d3 O-O 13. Be3 b6 14. Rfc1 Rfd8
15. a3 h6 16. Rab1 Nd4 17. Qd1 a5 18. b3 Nd5 19. Nxd5 exd5 20. b4 axb4 21. axb4
Qe6 22. bxc5 bxc5 23. Bxd4 cxd4 24. Rxc8 Rxc8 25. Bf3 Rc3 26. Qa4 Kh7 27. Qxd4
Rc5 28. Kg2 Qf6 29. Qg4 Qe6 30. Rb7 Bf6 31. h4 Qxg4 32. Bxg4 Kg8 33. Bd7 Be5 34.
Be8 Rc7 35. Rb5 Re7 36. Bc6 d4 37. h5 g6 38. hxg6 fxg6 39. Be4 Kg7 40. Rb6 Bf6
41. g4 Rf7 42. f4 g5 43. f5 Rc7 44. Bd5 Re7 45. Be6 Rc7 46. Kf3 Kf8 47. Rb8+ Ke7
48. Bc4 Bg7 49. Rb6 Kd7 50. Re6 Bf8 51. Bb5+ Kc8 52. Re8+ 1-0

[Event "PRO League Group Stage"]
[Site "chess.com INT"]
[Date "2020.02.17"]
[Round "7"]
[White "Plichta, Kamil"]
[Black "Braun, Arik"]
[Result "1-0"]
[WhiteTitle "FM"]
[BlackTitle "GM"]
[WhiteElo "2353"]
[BlackElo "2605"]
[WhiteTeam "Poland Hussars"]
[BlackTeam "Germany Bears"]
[WhiteFideId "1141830"]
[BlackFideId "4663527"]
[EventDate "2020.01.06"]

1. Nf3 d5 2. g3 Nf6 3. Bg2 c5 4. O-O e6 5. d3 Nc6 6. Nbd2 Be7 7. e4 O-O 8. Re1
b5 9. e5 Nd7 10. Nf1 a5 11. h4 b4 12. h5 Bb7 13. h6 g6 14. Bf4 a4 15. a3 bxa3
16. bxa3 Nd4 17. N1h2 Qa5 18. Bd2 Qc7 19. Ng4 Rfc8 20. Bf4 Qa5 21. Bd2 Qd8 22.
Rb1 Rab8 23. Nxd4 cxd4 24. Bb4 Ba8 25. Qd2 Qf8 26. Rb2 Bxb4 27. axb4 Rc3 28.
Reb1 a3 29. Rb3 Rbc8 30. Rxc3 Rxc3 31. Kh2 f5 32. exf6 Nxf6 33. Bh3 Bb7 34. Ra1
Bc8 35. Ra2 Nxg4+ 36. Bxg4 Qf6 37. Kg2 Qe5 38. Qc1 Qc7 39. Rxa3 Rxc2 40. Qe1 Kf7
41. b5 Kf6 42. Rb3 Qe5 43. Qd1 Rc3 44. Qf3+ Ke7 45. Rb1 Rc2 46. b6 Bb7 47. Qd1
Rc6 48. Qa4 Qd6 49. Qa7 Qd7 50. Re1 Kf6 51. Qa1 Rc3 52. Rxe6+ Qxe6 53. Bxe6 Kxe6
54. Qa7 Bc6 55. b7 1-0

[Event "PRO League Group Stage"]
[Site "chess.com INT"]
[Date "2020.02.17"]
[Round "7"]
[White "Polok, Kacper"]
[Black "Tomczak, Jacek"]
[Result "0-1"]
[WhiteTitle "FM"]
[BlackTitle "GM"]
[WhiteElo "2313"]
[BlackElo "2603"]
[WhiteTeam "Poland Hussars"]
[BlackTeam "Germany Bears"]
[WhiteFideId "1137158"]
[BlackFideId "1124668"]
[EventDate "2020.01.06"]

1. e4 e6 2. d4 d5 3. Nd2 Be7 4. Bd3 c5 5. exd5 Qxd5 6. Ngf3 cxd4 7. Bc4 Qc5 8.
Qe2 Nc6 9. Nb3 Qb6 10. O-O Nf6 11. Rd1 O-O 12. Nbxd4 Rd8 13. Be3 Qxb2 14. Nxc6
bxc6 15. Bd4 Qb4 16. Ne5 Qb7 17. Rab1 Qc7 18. Ng4 Nxg4 19. Qxg4 Bf8 20. f4 e5
21. Bxe5 Bxg4 22. Bxc7 Rxd1+ 0-1

[Event "PRO League Group Stage"]
[Site "chess.com INT"]
[Date "2020.02.17"]
[Round "7"]
[White "Miezis, Normunds"]
[Black "Van Wely, Loek"]
[Result "0-1"]
[WhiteTitle "GM"]
[BlackTitle "GM"]
[WhiteElo "2484"]
[BlackElo "2609"]
[WhiteTeam "Sweden Wasabis"]
[BlackTeam "Netherlands Mosquitoes"]
[WhiteFideId "11600136"]
[BlackFideId "1000268"]
[EventDate "2020.01.06"]

1. c4 e5 2. g3 Nf6 3. Bg2 c6 4. d4 e4 5. Nc3 d5 6. cxd5 cxd5 7. Nh3 h6 8. f3 Nc6
9. O-O Be7 10. Nf2 exf3 11. exf3 O-O 12. Re1 Re8 13. Be3 Bf5 14. Rc1 Bd6 15. Qd2
Na5 16. b3 Ba3 17. Rcd1 Rc8 18. Nd3 Nc6 19. Bf2 Rxe1+ 20. Rxe1 Nb4 21. Nc5 b6
22. Re5 Bg6 23. Nb5 bxc5 24. Nxa3 Qa5 25. Bh3 Rc7 26. Nc4 dxc4 27. Rxc5 Rxc5 28.
dxc5 cxb3 29. axb3 Qa1+ 30. Kg2 Bd3 31. Qe1 Qxe1 32. Bxe1 Nc6 33. Bc8 Nd5 34.
Kf2 Kf8 35. Bh3 Ke7 36. Bg2 Nd4 37. f4 Ke6 38. b4 Nc6 39. b5 Bxb5 40. f5+ Ke5
41. g4 Bd3 42. h4 a5 43. f6 gxf6 44. Bd2 a4 45. Bxh6 Be4 46. Bf1 Nf4 47. Kg3 Nd3
48. g5 fxg5 49. hxg5 Kd5 50. Bg7 Nce5 51. Bf8 Nd7 52. Be7 N7xc5 53. Bf6 a3 54.
Be2 Ne6 55. Bh5 Bg6 56. Bf3+ Kc4 57. Bb7 a2 58. Ba6+ Kb3 59. Bb7 Nc7 60. Bf3 Nb2
61. Be5 a1=Q 0-1

[Event "PRO League Group Stage"]
[Site "chess.com INT"]
[Date "2020.02.17"]
[Round "7"]
[White "Blomqvist, Erik"]
[Black "Admiraal, Miguoel"]
[Result "1-0"]
[WhiteTitle "GM"]
[BlackTitle "IM"]
[WhiteElo "2539"]
[BlackElo "2498"]
[WhiteTeam "Sweden Wasabis"]
[BlackTeam "Netherlands Mosquitoes"]
[WhiteFideId "1709437"]
[BlackFideId "1019716"]
[EventDate "2020.01.06"]

1. e4 e6 2. d4 d5 3. e5 c5 4. c3 Nc6 5. Nf3 Qb6 6. a3 c4 7. Be2 Na5 8. Nbd2 Bd7
9. O-O Ne7 10. Rb1 Qc7 11. Re1 Nc8 12. Nf1 Nb6 13. Qd2 Nb3 14. Qf4 Nxc1 15.
Rbxc1 Be7 16. Qg3 g6 17. Ne3 O-O-O 18. Ng4 Na4 19. Rb1 Be8 20. h4 h5 21. Nf6
Bxf6 22. exf6 Qxg3 23. fxg3 b5 24. Ne5 Kc7 25. Kf2 Nb6 26. Ke3 Nd7 27. Rf1 Kd6
28. Nxg6 fxg6 29. f7 Rf8 30. fxe8=Q Rdxe8 31. Rxf8 Rxf8 32. g4 e5 33. dxe5+ Kxe5
34. gxh5 gxh5 35. Bxh5 Rh8 36. g4 Nf6 37. Rf1 Ke6 38. Rf5 Rg8 39. Bf7+ Kxf7 40.
g5 Ke6 41. Rxf6+ Ke5 42. Rf1 Rh8 43. Rh1 Kf5 44. Kd4 Re8 45. Rf1+ Kg4 46. g6
Kxh4 47. g7 Rg8 48. Rg1 Kh5 49. Ke5 Kh6 50. Kf6 Kh5 51. Kf7 Rc8 52. g8=Q Rxg8
53. Rxg8 d4 54. cxd4 c3 55. bxc3 b4 56. cxb4 a5 57. bxa5 Kh4 58. a6 Kh3 59. a7
Kh2 60. a8=Q Kh3 61. Qh1# 1-0